| 000 | 00000nam##2200000za#4500 |
| 001 | 9.574281 |
| 003 | CaOODSP |
| 005 | 20210624184116 |
| 007 | cr ||||||||||| |
| 008 | 150406|2007||||xxc|||||o f|0| 0 eng|d |
| 022 | |a1488-5379 |
| 040 | |aCaOODSP|beng |
| 043 | |an-cn--- |
| 086 | 1 |aFs97-6/2728E-PDF |
| 110 | 1 |aCanada. |bDepartment of Fisheries and Oceans. |
| 245 | 10|aHabitat management qualitative risk assessment : |h[electronic resource]|bwater column oyster aquaculture in New Brunswick / |cby S. Bastien-Daigle, M. Hardy and G. Robichaud. |
| 260 | |aMoncton - New Brunswick : |bFisheries and Oceans Canada |c2007. |
| 300 | |a82p.|bfigs. (some coloured), graphs, references, tables, photographs |
| 490 | 1 |aCanadian technical report of fisheries and aquatic sciences|x1488-5379|v2728 |
| 500 | |aThe catalogue number (Fs97-6/2728E) and ISSN (0706-6457) for the print edition have been incorrectly copied in this electronic publication. |
| 546 | |a(Résumé en français) |
| 590 | |a12-29-Supp|b2012-06-25 |
| 720 | 1 |aHardy, M. |
| 720 | 1 |aRobichaud, G. |
| 720 | 1 |aBastien-Daigle, S. |
| 775 | 08|tÉvaluation qualitative des risques que pose l'ostréiculture dans la colonne d'eau au Nouveau-Brunswick dans le cadre de la gestion de l'habitat / |w(CaOODSP)9.604063 |
| 776 | 0#|tHabitat management qualitative risk assessment - water column oyster aquaculture in New Brunswick / |w(CaOODSP)9.618424 |
| 830 | #0|aCanadian technical report of fisheries and aquatic sciences,|x1488-5379|v2728|w(CaOODSP)9.504449 |
| 856 | 40|ahttp://publications.gc.ca|qPDF|s959 KB|uhttps://publications.gc.ca/collections/collection_2012/mpo-dfo/Fs97-6-2728-eng.pdf|y2728 |